000 00215nam a2200097Ia 4500
008 240331s9999 xx 000 0 und d
082 _bSUB
100 _aSubramanian, N
245 0 _aIlattut Tamil ilakkiyam
942 _cL
999 _c4461
_d4461